MARC

Tag First Indicator Second Indicator Subfields
LEADER 00000cam a2200000Ii 4500
001 in00003495310
005 20151206124605.0
006 m q d f
007 co bg|||||||||
008 141209s2014 lau qb f001 0 eng d
035 |a (OCoLC)ocn897827703 
035 |a (OCoLC)897827703 
040 |a IXA  |b eng  |e rda  |c TEF  |d TEF  |d RCE  |d OCLCF  |d UtOrBLW 
043 |a nm----- 
049 |a TXAM 
050 0 4 |a TD195.P4  |b U5433 2014 
086 0 |a I 72.12/11:2014-619 
110 1 |a United States.  |b Bureau of Ocean Energy Management.  |b Gulf of Mexico OCS Region,  |e author. 
245 1 0 |a Gulf of Mexico OCS oil and gas lease sales: 2015 and 2016 :  |b western planning area lease sales 246 and 248 : draft supplemental environmental impact statement /  |c author, Bureau of Ocean Energy Management, Gulf of Mexico OCS Region. 
264 1 |a New Orleans :  |b U.S. Department of the Interior, Bureau of Ocean Energy Management, Gulf of Mexico OCS Region,  |c [2014] 
300 |a 1 CD-ROM ;  |c 4 3/4 in. 
336 |a text  |b txt  |2 rdacontent 
337 |a computer  |b c  |2 rdamedia 
338 |a computer disc  |b cd  |2 rdacarrier 
347 |a text file  |b PDF  |2 rda 
500 |a Title from PDF title page. 
500 |a "September 2014." 
504 |a Includes bibliographical references and index. 
500 |a "OCS EIS/EA, BOEM 2014-619." 
650 0 |a Oil and gas leases  |x Environmental aspects  |z Mexico, Gulf of. 
650 0 |a Petroleum in submerged lands  |z Mexico, Gulf of. 
650 0 |a Offshore oil industry  |z Mexico, Gulf of. 
650 0 |a Offshore gas industry  |z Mexico, Gulf of. 
650 0 |a Continental shelf  |z Mexico, Gulf of. 
650 0 |a Environmental impact statements  |z Mexico, Gulf of. 
650 7 |a Continental shelf.  |2 fast  |0 (OCoLC)fst00876676 
650 7 |a Environmental impact statements.  |2 fast  |0 (OCoLC)fst00913090 
650 7 |a Offshore gas industry.  |2 fast  |0 (OCoLC)fst01044305 
650 7 |a Offshore oil industry.  |2 fast  |0 (OCoLC)fst01044337 
650 7 |a Oil and gas leases  |x Environmental aspects.  |2 fast  |0 (OCoLC)fst01044533 
650 7 |a Petroleum in submerged lands.  |2 fast  |0 (OCoLC)fst01059531 
651 7 |a Gulf of Mexico.  |2 fast  |0 (OCoLC)fst01239980 
994 |a C0  |b TXA 
948 |a cataloged  |b h  |c 2014/12/09  |d c  |e zprado  |f 04:46:39 pm 
999 |a MARS 
999 f f |s e9d52982-3b9d-38b9-91e2-2e4bdaf5fa7f  |i a4d1b319-d5fb-3730-ad46-ae1a614b00b2  |t 0 
952 f f |p normal  |a Texas A&M University  |b College Station  |c Sterling C. Evans Library  |d Evans: US Documents CD-ROMs (Annex 5th floor)  |t 0  |e I 72.12/11:2014-619  |h Superintendent of Documents classification  |i computer -- computer disc  |m A14842490501 
998 f f |a I 72.12/11:2014-619  |t 0  |l Evans: US Documents CD-ROMs (Annex 5th floor)